Estudios sobre el teatro de Lope de Vega.

Guardat en:
Dades bibliogràfiques
Autor principal: Menéndez y Pelayo, Marcelino (autor)
Format: Llibre
Idioma:espanyol
Publicat: Madrid, España Librería General de Victoriano Súarez 1919
Matèries:
Etiquetes: Afegir etiqueta
Sense etiquetes, Sigues el primer a etiquetar aquest registre!

MARC

LEADER 00000nam a2200000 a 4500
001 UCI4380
003 CL-VaPUC
005 20241121151344.0
008 080118e19190000SP |||||||||||||||||spa|d
999 |c 328322  |d 328320 
040 |c Pontificia Universidad Católica de Valparaíso 
082 0 4 |a 862.9 MEN 1919  |2 21 
100 |a Menéndez y Pelayo, Marcelino  |e autor  |9 478094 
245 1 0 |a Estudios sobre el teatro de Lope de Vega. 
260 0 3 |a Madrid, España  |b Librería General de Victoriano Súarez  |c 1919 
300 |a 6 volúmenes. 
500 |a Donación Padres Capuchinos 
583 |a last modification  |c 20080118 00:00:00  |k Rodrigo Vera 
600 0 7 |a VEGA, LOPE DE  |2 CL-VaPUC  |9 319628 
650 0 |a Dramas españoles  |9 267081 
650 0 |a Teatro español  |9 265077 
650 0 |a Historia y crítica   |9 257407 
650 0 |a Crítica literaria   |9 269189 
942 |c BK  |2 ddc 
945 |d 20080118 00:00:00  |a rbrito 
952 |0 0  |1 0  |4 0  |6 862_900000000000000_MEN_1919  |7 0  |8 X  |9 412167  |a FDOBUD  |b FDOBUD  |d 2019-11-22  |h v.1  |i 440128K  |o 862.9 MEN 1919  |p 440128K  |r 2019-11-22  |t 1  |w 2019-11-22  |y BK_X  |k BUD 
952 |0 0  |1 0  |4 0  |6 862_900000000000000_MEN_1919  |7 0  |8 X  |9 412168  |a FDOBUD  |b FDOBUD  |d 2019-11-22  |h v.2  |i 4401298  |o 862.9 MEN 1919  |p 4401298  |r 2019-11-22  |t 1  |w 2019-11-22  |y BK_X  |k BUD 
952 |0 0  |1 0  |4 0  |6 862_900000000000000_MEN_1919  |7 0  |8 X  |9 412169  |a FDOBUD  |b FDOBUD  |d 2019-11-22  |h v.3  |i 4401301  |o 862.9 MEN 1919  |p 4401301  |r 2019-11-22  |t 1  |w 2019-11-22  |y BK_X  |k BUD 
952 |0 0  |1 0  |4 0  |6 862_900000000000000_MEN_1919  |7 0  |8 X  |9 412170  |a FDOBUD  |b FDOBUD  |d 2019-11-22  |h v.4  |i 440131K  |o 862.9 MEN 1919  |p 440131K  |r 2019-11-22  |t 1  |w 2019-11-22  |y BK_X  |k BUD 
952 |0 0  |1 0  |4 0  |6 862_900000000000000_MEN_1919  |7 0  |8 X  |9 412171  |a FDOBUD  |b FDOBUD  |d 2019-11-22  |h v.5  |i 4401328  |o 862.9 MEN 1919  |p 4401328  |r 2019-11-22  |t 1  |w 2019-11-22  |y BK_X  |k BUD 
952 |0 0  |1 0  |4 0  |6 862_900000000000000_MEN_1919  |7 0  |8 X  |9 412172  |a FDOBUD  |b FDOBUD  |d 2019-11-22  |h v.6  |i 4401336  |o 862.9 MEN 1919  |p 4401336  |r 2019-11-22  |t 1  |w 2019-11-22  |y BK_X  |k BUD